00621 2200229 4500001002100000005001500021035002000036007000300056008004100059020000600100082001800106084002400124100001900148245005800167250000600225260005700231300003000288650001300318650001000331856002800341990002200369INLIS00000000000752220250710022109 a0010-0725000037ta250710 0 eng  a- a631.5:551.583 a631.5:551.583 CZU a1 aCZUBA, Hab. R.1 aAgricultural Yield Potentials in Continental Climates a- aSwitzerland :bInternational Potash institute,c1981 a295p. :bilus ;c23 cme- 4aAgronomi 4aIklim aPerpustakaan BRMP Jatim a3782025/BRMPJATIM